Estudios históricos. Tercera serie

Salvato in:
Dettagli Bibliografici
Autore principale: Lastarria, José Victorino (Autore)
Natura: Libro
Lingua:spagnolo
Pubblicazione: Santiago Imprenta, Litografía i Encuadernación Barcelona 1909
Edizione:1a. ed
Serie:Obras completas de don José Victorino Lastarria. Edición oficial, IX
Soggetti:
Tags: Aggiungi Tag
Nessun Tag, puoi essere il primo ad aggiungerne!!

MARC

LEADER 00000nam a2200000 a 4500
001 UCJ3839
003 CL-VaPUC
008 070124e19090000CL |||||||||||||||||spa|d
082 0 4 |a 983  |b LAS  |2 21 
100 |a Lastarria, José Victorino  |e author  |9 312043 
245 1 0 |a Estudios históricos. Tercera serie 
246 1 0 |a Noticias biográficas de don Miguel de Lastarria 
246 1 0 |a Bosquejo histórico de la Constitución del Gobierno de Chile 
246 1 0 |a Don Diego Portales 
246 1 0 |a Introducción al Cuadro histórico de la administración Montt 
246 1 4 |a Una Crónica de la rebelión en Buenos Aires en 1880 
250 |a 1a. ed 
300 |a 510 p 
942 |c BK 
945 |d 20070124 00:00:00  |a rinostro 
260 |a Santiago  |b Imprenta, Litografía i Encuadernación Barcelona  |c 1909 
600 0 |a Carrera, José Miguel  |9 316043 
600 0 7 |a LASTARRIA, MIGUEL DE  |2 CL-VaPUC  |9 506280 
600 0 |a Portales y Palazuelos, Diego,  |d 1793-1837  |9 255516 
600 0 |a Montt Torres, Manuel,  |d 1809-1880  |9 313788 
650 0 |a Biografías  |9 255210 
650 0 |a Presidentes de Chile  |9 268293 
650 7 |a INSTITUCIONES  |2 CL-VaPUC  |9 329701 
650 7 |a CONGRESO DE 1811  |2 CL-VaPUC  |9 506281 
650 0 |a Discursos   |9 265028 
650 7 |a HOMENAJE  |2 CL-VaPUC  |9 333787 
583 |a last modification  |c 20130925 06:26:44  |k Rodrigo Vera 
490 0 |a Obras completas de don José Victorino Lastarria. Edición oficial, IX 
999 |c 319961  |d 319959 
952 |0 0  |1 0  |4 0  |6 983_000000000000000_LAS_1909  |7 0  |8 X  |9 398373  |a FDOBUD  |b FDOBUD  |d 2019-11-22  |i 1008986  |o 983 LAS 1909  |p 1008986  |r 2019-11-22  |w 2019-11-22  |y BK_X  |k BUD